[Event "Berlin Lichtenberger op 17th"]
[Site "Berlin"]
[Date "2018.08.20"]
[Round "3"]
[White "Gross, Thorsten"]
[Black "Florstedt, Johannes"]
[Result "0-1"]
[WhiteElo "2170"]
[BlackElo "2306"]
[PlyCount "50"]
[EventDate "2018.08.18"]
[EventType "swiss"]
[EventRounds "9"]
[EventCountry "GER"]
[SourceTitle "CBM 186 Extra"]
[Source "ChessBase"]
[SourceDate "2018.08.24"]
[SourceVersion "1"]
[SourceVersionDate "2018.08.24"]
[SourceQuality "1"]

1. c4 e5 2. Nc3 Bb4 3. Qc2 Nf6 4. e3 0-0 5. a3 Bxc3 6. Qxc3 Nc6 7. b4 d5 8. cxd5 Nxd5 9. Qc2 Qf6 10. Bb2 Re8 11. Be2 Bf5 12. Qc5 Nb6 13. a4 a5 14. bxa5 Rxa5 15. Bb5 Bd3 16. Qc3 Bxb5 17. axb5 Rxb5 18. Nf3 e4 19. Nd4 Nxd4 20. exd4 Nd5 21. Qc4 c6 22. Bc3 Nf4 23. 0-0 Rg5 24. g3 Nh3+ 25. Kg2 Qf3+ 0-1

[Event "Berlin Cup final"]
[Site "Berlin"]
[Date "2015.09.17"]
[Round "3.6"]
[White "Heerde, Thomas"]
[Black "Gross, Thorsten"]
[Result "1-0"]
[WhiteElo "1945"]
[BlackElo "2075"]
[PlyCount "71"]
[EventDate "2015.09.17"]
[EventType "k.o."]
[EventRounds "6"]
[EventCountry "GER"]
[SourceTitle "EXT 2022"]
[Source "ChessBase"]
[SourceDate "2021.10.06"]
[SourceVersion "1"]
[SourceVersionDate "2021.10.06"]
[SourceQuality "1"]

1. e4 c6 2. d3 g6 3. Nf3 Bg7 4. g3 d5 5. Nbd2 e5 6. Bg2 Be6 7. 0-0 Nd7 8. Re1 d4 9. Nb3 f6 10. c3 c5 11. cxd4 cxd4 12. Rf1 Ne7 13. Ne1 Qb6 14. Nd2 0-0 15. b3 Nc6 16. Nc4 Bxc4 17. bxc4 Qa5 18. a4 Rf7 19. f4 Re8 20. Rf2 Nc5 21. Rb2 Bf8 22. Bh3 Bd6 23. Bd2 Qc7 24. f5 Ne7 25. g4 gxf5 26. gxf5 Nc6 27. a5 Kh8 28. Kh1 Rg8 29. Qe2 a6 30. Nf3 Ne7 31. Nh4 Qc6 32. Rb6 Qe8 33. Rxd6 Nc8 34. Rd5 Qc6 35. Qh5 Rc7 36. Ng6+ 1-0

[Event "Berlin Lichtenberger op 10th"]
[Site "Berlin"]
[Date "2011.08.19"]
[Round "7"]
[White "Gross, Thorsten"]
[Black "Richter, Goetz"]
[Result "1-0"]
[WhiteElo "2150"]
[BlackElo "2045"]
[PlyCount "59"]
[EventDate "2011.08.13"]
[EventType "swiss"]
[EventRounds "9"]
[EventCountry "GER"]
[SourceTitle "CBM 143 Extra"]
[Source "ChessBase"]
[SourceDate "2011.08.29"]
[SourceVersion "1"]
[SourceVersionDate "2011.08.29"]
[SourceQuality "1"]

1. e4 c5 2. c3 Nf6 3. e5 Nd5 4. Nf3 Nc6 5. Bc4 Nb6 6. Bb3 c4 7. Bc2 g6 8. 0-0 Bg7 9. Re1 d6 10. exd6 Qxd6 11. Na3 e5 12. b3 cxb3 13. axb3 0-0 14. Nb5 Qb8 15. Ba3 Rd8 16. Bc5 Nd5 17. c4 Ndb4 18. Ra4 Nxc2 19. Qxc2 b6 20. Be3 Bg4 21. Qe4 Qc8 22. c5 Bf5 23. Qh4 Bc2 24. Nd6 Rxd6 25. cxd6 Bxb3 26. Ra3 Bd5 27. Bh6 Bxf3 28. Rxf3 Qe6 29. Rh3 Bf6 30. Bg5 1-0

[Event "Berlin Lichtenberger op 9th"]
[Site "Berlin"]
[Date "2010.08.13"]
[Round "7"]
[White "Gross, Thorsten"]
[Black "Schmidt, Juergen"]
[Result "1-0"]
[WhiteElo "2163"]
[BlackElo "2017"]
[PlyCount "123"]
[EventDate "2010.08.07"]
[EventType "swiss"]
[EventRounds "9"]
[EventCountry "GER"]
[SourceTitle "CBM 137 Extra"]
[Source "ChessBase"]
[SourceDate "2010.09.01"]
[SourceVersion "1"]
[SourceVersionDate "2010.09.01"]
[SourceQuality "1"]

1. e4 e5 2. Nf3 Nc6 3. Bb5 a6 4. Ba4 Nf6 5. d4 exd4 6. e5 Ne4 7. 0-0 Nc5 8. Bxc6 dxc6 9. Nxd4 Ne6 10. Nf5 Qxd1 11. Rxd1 Bd7 12. Be3 0-0-0 13. Nc3 h6 14. Ne4 Nf4 15. Rxd7 Rxd7 16. Bxf4 g6 17. Nfg3 Be7 18. Kf1 h5 19. Ke2 h4 20. Nf1 Rg8 21. Ng5 f6 22. exf6 Bxf6 23. c3 Re8+ 24. Ne3 Rd5 25. Nh7 Bd8 26. Rd1 Rh5 27. Rxd8+ Rxd8 28. Ng5 Re8 29. Kf3 Rhh8 30. Kg4 b5 31. h3 Rhf8 32. f3 a5 33. Ne4 b4 34. Bg5 Rxe4+ 35. fxe4 Rf2 36. cxb4 axb4 37. a3 Rxb2 38. axb4 Rxb4 39. Kf3 Rb3 40. Bxh4 Kd7 41. Kf4 Ke6 42. Bd8 Kd7 43. Bf6 Ke6 44. Bg7 c5 45. h4 c6 46. g4 Rb1 47. h5 gxh5 48. gxh5 Kf7 49. h6 Kg6 50. Kf3 Rb3 51. Ke2 Ra3 52. Kd2 Ra4 53. e5 Rh4 54. Kd3 Rd4+ 55. Kc3 Rh4 56. Nc4 Rh3+ 57. Kc2 Rh2+ 58. Nd2 Kf5 59. Kc3 Rh4 60. Nf3 Rh3 61. Kc4 Kg6 62. Ne1 1-0

[Event "Berlin Lichtenberger op 9th"]
[Site "Berlin"]
[Date "2010.08.07"]
[Round "1"]
[White "Gross, Thorsten"]
[Black "Koischwitz, Wanja"]
[Result "0-1"]
[WhiteElo "2163"]
[BlackElo "1773"]
[PlyCount "98"]
[EventDate "2010.08.07"]
[EventType "swiss"]
[EventRounds "9"]
[EventCountry "GER"]
[SourceTitle "CBM 137 Extra"]
[Source "ChessBase"]
[SourceDate "2010.09.01"]
[SourceVersion "1"]
[SourceVersionDate "2010.09.01"]
[SourceQuality "1"]

1. e4 Nf6 2. e5 Nd5 3. d4 d6 4. Nf3 Bg4 5. h3 Bh5 6. exd6 cxd6 7. Bb5+ Nd7 8. 0-0 e6 9. Be2 Be7 10. c4 N5b6 11. b3 0-0 12. Bb2 Bf6 13. Nc3 Re8 14. Qd2 d5 15. c5 Bxf3 16. Bxf3 Nc8 17. b4 a6 18. a4 Ne7 19. Nd1 Nf5 20. Qd3 Nh4 21. Bg4 Qc7 22. g3 Ng6 23. Ne3 a5 24. b5 Rac8 25. Rfc1 Be7 26. Qd2 Bg5 27. b6 Qb8 28. Ra3 f5 29. Bh5 f4 30. Nf1 Nf6 31. Bxg6 hxg6 32. g4 Ne4 33. Qxa5 f3 34. Rc2 Rf8 35. Nh2 Nxf2 36. Rxf2 Qg3+ 37. Kf1 Qxh3+ 38. Ke1 Bh4 39. Qd2 Qxh2 40. Kd1 Qxf2 41. Qxf2 Bxf2 42. a5 Bg3 43. Ra1 f2 44. Ke2 e5 45. a6 exd4 46. axb7 Rxc5 47. Bxd4 f1Q+ 48. Rxf1 Rxf1 49. Bxc5 Rf7 0-1

[Event "Oberliga Nord O 0910"]
[Site "Germany"]
[Date "2010.03.21"]
[Round "8.7"]
[White "Gross, Thorsten"]
[Black "Mueller, Werner"]
[Result "0-1"]
[WhiteElo "2148"]
[BlackElo "2218"]
[PlyCount "66"]
[EventDate "2009.10.18"]
[EventType "team-tourn"]
[EventRounds "9"]
[EventCountry "GER"]
[SourceTitle "EXT 2011"]
[Source "ChessBase"]
[SourceDate "2010.11.26"]
[SourceVersion "1"]
[SourceVersionDate "2010.11.26"]
[SourceQuality "1"]
[WhiteTeam "Weisse Dame"]
[BlackTeam "Eberswalde"]
[WhiteTeamCountry "GER"]
[BlackTeamCountry "GER"]

1. e4 c5 2. c3 e6 3. d4 d5 4. exd5 exd5 5. Be3 cxd4 6. Bxd4 Nc6 7. Bb5 Be6 8. Nf3 a6 9. Ba4 Nf6 10. Ne5 Rc8 11. Qe2 b5 12. Nxc6 Rxc6 13. Bc2 Be7 14. a4 0-0 15. axb5 axb5 16. Qxb5 Bd7 17. Qd3 Re6+ 18. Be3 Qb8 19. b3 Bb5 20. Qd4 Rc8 21. Bf5 Bc5 22. Qd2 Rxe3+ 23. fxe3 Re8 24. Kd1 Bxe3 25. Qc2 Qf4 26. Ra4 d4 27. Rxd4 Bxd4 28. cxd4 Nd5 29. Bxh7+ Kh8 30. Re1 Ne3+ 31. Rxe3 Qxe3 32. Qf5 Qe1+ 33. Kc2 Re2+ 0-1

[Event "Oberliga Nord O 0910"]
[Site "Germany"]
[Date "2010.01.24"]
[Round "5.7"]
[White "Rutschke, Bernhard"]
[Black "Gross, Thorsten"]
[Result "1/2-1/2"]
[WhiteElo "2085"]
[BlackElo "2148"]
[PlyCount "101"]
[EventDate "2009.10.18"]
[EventType "team-tourn"]
[EventRounds "9"]
[EventCountry "GER"]
[SourceTitle "EXT 2011"]
[Source "ChessBase"]
[SourceDate "2010.11.26"]
[SourceVersion "1"]
[SourceVersionDate "2010.11.26"]
[SourceQuality "1"]
[WhiteTeam "Ruedersdorf"]
[BlackTeam "Weisse Dame"]
[WhiteTeamCountry "GER"]
[BlackTeamCountry "GER"]

1. e4 c5 2. Nf3 d6 3. Nc3 Nc6 4. d4 cxd4 5. Nxd4 Nf6 6. Be2 a6 7. a4 e5 8. Nb3 Be6 9. Be3 d5 10. exd5 Nxd5 11. Nxd5 Bxd5 12. 0-0 Bxb3 13. cxb3 Bb4 14. Bc4 0-0 15. Qg4 Qc8 16. Qh4 Qf5 17. f4 Be7 18. Qe1 e4 19. Rd1 Rad8 20. Qe2 h5 21. g3 Bf6 22. Kg2 Rfe8 23. h3 Bd4 24. g4 hxg4 25. hxg4 Qc5 26. Bc1 Na5 27. Rd2 e3 28. Rc2 Nxc4 29. Qxc4 Qe7 30. Qe2 Rd6 31. Rc4 b5 32. Rc2 Rh6 33. g5 Qe4+ 34. Kg3 Rb6 35. Rc7 bxa4 36. Qh5 Qg6 37. Qxg6 fxg6 38. bxa4 Rb3 39. Re1 Rd3 40. Re2 Bb6 41. Rc6 Rb3 42. Kf3 Kf7 43. a5 Bxa5 44. Rxa6 Bd2 45. Ra7+ Kf8 46. Rc7 Ra8 47. Kg2 Rab8 48. Bxd2 Rxb2 49. Rxe3 Rxd2+ 50. Kf3 Rbb2 51. Rc4 1/2-1/2

[Event "Niedersachsen-ch"]
[Site "Verden"]
[Date "2008.01.06"]
[Round "7"]
[White "Ehlert, Horst"]
[Black "Gross, Thorsten"]
[Result "0-1"]
[WhiteElo "1923"]
[BlackElo "2152"]
[PlyCount "100"]
[EventDate "2008.01.03"]
[EventType "swiss"]
[EventRounds "7"]
[EventCountry "GER"]
[SourceTitle "EXT 2010"]
[Source "ChessBase"]
[SourceDate "2010.11.25"]
[SourceVersion "1"]
[SourceVersionDate "2010.11.25"]
[SourceQuality "1"]

1. c4 e5 2. Nc3 Bb4 3. g3 Bxc3 4. bxc3 d6 5. Bg2 f5 6. d3 Nf6 7. Rb1 c6 8. Nf3 Qc7 9. 0-0 0-0 10. Qb3 c5 11. Ng5 Nc6 12. Qb5 h6 13. Nh3 Na5 14. f4 e4 15. Nf2 Bd7 16. Qb2 Bc6 17. Nd1 Rae8 18. Ne3 g6 19. h3 b6 20. Bd2 Kh7 21. Rbe1 Bb7 22. Bc1 Re7 23. Kh2 Qd7 24. Qc2 Rfe8 25. Qd1 exd3 26. exd3 Bxg2 27. Nxg2 d5 28. Rxe7+ Rxe7 29. cxd5 Nxd5 30. Re1 Nxc3 31. Rxe7+ Qxe7 32. Qd2 Nb5 33. Bb2 Nc6 34. Qf2 Nbd4 35. Bxd4 Nxd4 36. Ne3 Qe6 37. g4 b5 38. Kg3 Qc6 39. Qf1 a5 40. gxf5 gxf5 41. Qd1 Qe6 42. Qd2 Qg6+ 43. Kf2 Qh5 44. Qd1 Qh4+ 45. Kg2 Qxf4 46. Nf1 Qg5+ 47. Kf2 f4 48. a3 Qh4+ 49. Kg2 f3+ 50. Kg1 Ne2+ 0-1

[Event "Niedersachsen-ch"]
[Site "Verden"]
[Date "2008.01.03"]
[Round "1"]
[White "Braje, Monika"]
[Black "Gross, Thorsten"]
[Result "0-1"]
[WhiteElo "1658"]
[BlackElo "2152"]
[PlyCount "140"]
[EventDate "2008.01.03"]
[EventType "swiss"]
[EventRounds "7"]
[EventCountry "GER"]
[SourceTitle "EXT 2010"]
[Source "ChessBase"]
[SourceDate "2010.11.25"]
[SourceVersion "1"]
[SourceVersionDate "2010.11.25"]
[SourceQuality "1"]

1. e4 c6 2. d4 d5 3. exd5 cxd5 4. Bd3 Nc6 5. c3 g6 6. h3 Bg7 7. Nf3 Qd6 8. Be3 Nf6 9. 0-0 0-0 10. Nbd2 Rd8 11. Re1 Nh5 12. Nf1 Bd7 13. Qd2 e5 14. Be2 e4 15. N3h2 Nf6 16. Bf4 Qe6 17. Rac1 Ne8 18. b3 Rac8 19. f3 Nf6 20. c4 Be8 21. c5 Bd7 22. b4 a6 23. a4 Na7 24. Ra1 Nh5 25. Be3 f5 26. fxe4 fxe4 27. Bxh5 gxh5 28. Bf4 Rf8 29. Bd6 Rf7 30. Ne3 Nc6 31. Nc2 Qg6 32. Ra3 h4 33. Kh1 Bf6 34. Rf1 Qg7 35. Rd1 Be6 36. b5 axb5 37. axb5 Ne7 38. Ne3 h5 39. Ra4 Qg6 40. Rf1 Rg7 41. Rxf6 Qxf6 42. Be5 Qg5 43. Bxg7 Kxg7 44. Ra7 Rb8 45. Qf2 Kh6 46. Nhf1 Ng6 47. Qc2 Qf6 48. Qc3 Nf4 49. Qd2 Kg6 50. Nc2 Nd3 51. Nfe3 Qf4 52. Kg1 Kf6 53. Ra1 Ke7 54. Rf1 Qg3 55. Ne1 Nf4 56. N3c2 Nxh3+ 57. Kh1 Rg8 58. Qe3 Ng5 59. Qf4 Qxf4 60. Rxf4 h3 61. g3 Bd7 62. Ne3 Ke6 63. b6 Bc6 64. Rh4 Be8 65. Rf4 Bg6 66. Nd1 Ra8 67. Nc2 Nf3 68. Nde3 Ra2 69. Rf8 Rb2 70. Na3 Rh2# 0-1

[Event "Oberliga Nord O 0405"]
[Site "Germany"]
[Date "2005.01.16"]
[Round "5.7"]
[White "Gross, Thorsten"]
[Black "Kunze, Kerstin"]
[Result "0-1"]
[WhiteElo "2166"]
[BlackElo "2186"]
[PlyCount "76"]
[EventDate "2004.10.24"]
[EventType "team-tourn"]
[EventRounds "9"]
[EventCountry "GER"]
[SourceTitle "EXT 2006"]
[Source "ChessBase"]
[SourceDate "2005.11.24"]
[SourceVersion "1"]
[SourceVersionDate "2005.11.24"]
[SourceQuality "1"]
[WhiteTeam "Weisse Dame"]
[BlackTeam "Cottbus"]
[WhiteTeamCountry "GER"]
[BlackTeamCountry "GER"]

1. e4 e5 2. Nf3 Nc6 3. Bb5 a6 4. Ba4 Nf6 5. 0-0 b5 6. Bb3 Be7 7. Re1 0-0 8. c3 d5 9. d4 Nxe4 10. dxe5 Be6 11. Bc2 Bg4 12. h3 Be6 13. Nbd2 Nxd2 14. Qxd2 Na5 15. Qd3 g6 16. Nd4 c5 17. Nxe6 fxe6 18. Bh6 Rf7 19. Qg3 Bh4 20. Qg4 Bxf2+ 21. Kh1 Qh4 22. Qxh4 Bxh4 23. Re2 Bg3 24. a4 b4 25. cxb4 cxb4 26. Be3 Nc6 27. Bc5 Bxe5 28. Bd3 Rc7 29. Bb6 Rcc8 30. a5 Bd4 31. Rxe6 Bxb2 32. Rb1 Bc3 33. Kh2 Ne5 34. Be2 Re8 35. Rxe8+ Rxe8 36. Bc5 Nc4 37. Bf3 Nd2 38. Bxd5+ Kg7 0-1

[Event "Oberliga Nord O 0405"]
[Site "Germany"]
[Date "2004.11.03"]
[Round "2.7"]
[White "Wlodarczyk, Oskar"]
[Black "Gross, Thorsten"]
[Result "1-0"]
[WhiteElo "2200"]
[BlackElo "2166"]
[PlyCount "97"]
[EventDate "2004.10.24"]
[EventType "team-tourn"]
[EventRounds "9"]
[EventCountry "GER"]
[SourceTitle "EXT 2006"]
[Source "ChessBase"]
[SourceDate "2005.11.24"]
[SourceVersion "1"]
[SourceVersionDate "2005.11.24"]
[SourceQuality "1"]
[WhiteTeam "Ruedersdorf"]
[BlackTeam "Weisse Dame"]
[WhiteTeamCountry "GER"]
[BlackTeamCountry "GER"]

1. e4 c6 2. c4 Qa5 3. Nc3 e5 4. Nf3 Bb4 5. Be2 Nf6 6. Qc2 0-0 7. 0-0 Re8 8. a3 Bf8 9. d4 d6 10. d5 Bg4 11. b4 Qc7 12. dxc6 bxc6 13. Bg5 Nbd7 14. Rfd1 h6 15. Be3 Rec8 16. Rac1 a6 17. h3 Be6 18. Na4 Qb7 19. c5 d5 20. exd5 Nxd5 21. Bd2 Re8 22. Nb2 g6 23. Nc4 Bf5 24. Qa4 Qb5 25. Qa5 Rac8 26. Re1 Qxa5 27. Nxa5 Nb8 28. Bc4 Bg7 29. Nxc6 Nxc6 30. Bxd5 Bd3 31. Bc3 Ne7 32. Bb3 e4 33. Bxg7 Kxg7 34. Ne5 Nf5 35. Nxd3 exd3 36. Rxe8 Rxe8 37. Rd1 Rd8 38. Bc4 d2 39. Bxa6 Nd4 40. Kf1 Nc2 41. Ke2 Nxa3 42. Rxd2 Ra8 43. Bd3 Re8+ 44. Kd1 Rb8 45. Ra2 Nb5 46. Bxb5 Rxb5 47. c6 Rxb4 48. c7 Rd4+ 49. Kc1 1-0

[Event "Oberliga Nord O 0304"]
[Site "Germany"]
[Date "2004.03.28"]
[Round "8.7"]
[White "Rohde, Wolfgang"]
[Black "Gross, Thorsten"]
[Result "1-0"]
[WhiteElo "2205"]
[BlackElo "2184"]
[PlyCount "127"]
[EventDate "2003.10.12"]
[EventType "team-tourn"]
[EventRounds "9"]
[EventCountry "GER"]
[SourceTitle "EXT 2005"]
[Source "ChessBase"]
[SourceDate "2004.11.15"]
[SourceVersion "1"]
[SourceVersionDate "2004.11.15"]
[SourceQuality "1"]
[WhiteTeam "Friesen Lichtenberg"]
[BlackTeam "Weisse Dame"]
[WhiteTeamCountry "GER"]
[BlackTeamCountry "GER"]

1. d4 Nf6 2. c4 e6 3. Nf3 b6 4. a3 Bb7 5. Nc3 Ne4 6. Qc2 Nxc3 7. Qxc3 Be7 8. Bf4 0-0 9. Rd1 d6 10. e3 f5 11. h3 Nd7 12. Be2 Nf6 13. Ng5 Qd7 14. Bf3 Bxf3 15. Nxf3 Ne4 16. Qc2 g5 17. Bh2 Qe8 18. Nd2 Nf6 19. d5 exd5 20. Qxf5 dxc4 21. Nxc4 Qg6 22. Qxg6+ hxg6 23. f3 Nd7 24. Kd2 a5 25. e4 Bf6 26. Kc2 a4 27. Rd5 Rfe8 28. Rhd1 Rab8 29. Bg1 Re6 30. Be3 b5 31. Nd2 c6 32. Rd3 Ne5 33. Rd4 Nd7 34. Rd3 Ne5 35. Rd4 Nf7 36. Rd3 b4 37. Bd4 Ne5 38. Bxe5 Bxe5 39. Nc4 bxa3 40. Rxa3 d5 41. Nxe5 Rxe5 42. Rxa4 Kf7 43. Kc3 dxe4 44. fxe4 Rc5+ 45. Kd4 Rcb5 46. Rb1 Ke6 47. Rc4 c5+ 48. Rxc5 Rb4+ 49. Rc4 Rd8+ 50. Kc3 Rb6 51. b4 Ke5 52. b5 Ra8 53. Rc5+ Kxe4 54. Rb4+ Ke3 55. Rxg5 Ra1 56. Re5+ Kf2 57. Rb2+ Kg3 58. Kb4 Rc1 59. Rc5 Rf1 60. Rc6 Rb8 61. Rxg6+ Kh2 62. Rc6 Rf4+ 63. Rc4 Rf5 64. g4+ 1-0

[Event "Dresden ZMD op"]
[Site "Dresden"]
[Date "2003.08.01"]
[Round "8"]
[White "Gross, Thorsten"]
[Black "Webersberger, Johann"]
[Result "1/2-1/2"]
[WhiteElo "2184"]
[BlackElo "2180"]
[PlyCount "25"]
[EventDate "2003.07.25"]
[EventType "swiss"]
[EventRounds "9"]
[EventCountry "GER"]
[SourceTitle "EXT 2004"]
[Source "ChessBase"]
[SourceDate "2003.11.25"]
[SourceVersion "1"]
[SourceVersionDate "2003.11.25"]
[SourceQuality "1"]

1. e4 d6 2. d4 Nf6 3. Nc3 e5 4. dxe5 dxe5 5. Qxd8+ Kxd8 6. Nf3 Bd6 7. Bg5 Be6 8. 0-0-0 Nbd7 9. Bb5 Kc8 10. Bxd7+ Nxd7 11. a3 Bc5 12. Rd2 f6 13. Bh4 1/2-1/2

[Event "Baunatal op 4th"]
[Site "Baunatal"]
[Date "1998.??.??"]
[Round "3"]
[White "Gross, Thorsten"]
[Black "Schmittdiel, Eckhard"]
[Result "0-1"]
[WhiteElo "2185"]
[BlackElo "2470"]
[PlyCount "58"]
[EventDate "1998.08.??"]
[EventType "swiss"]
[EventRounds "7"]
[EventCountry "GER"]
[SourceTitle "EXT 2000"]
[Source "ChessBase"]
[SourceDate "1999.11.16"]
[SourceVersion "1"]
[SourceVersionDate "1999.11.16"]
[SourceQuality "1"]

1. e4 c5 2. c3 e6 3. d4 d5 4. exd5 exd5 5. Nf3 Nc6 6. Bb5 Bd6 7. 0-0 Nge7 8. dxc5 Bxc5 9. Bf4 0-0 10. Nbd2 Ng6 11. Bg3 f5 12. Bxc6 bxc6 13. Be5 Nxe5 14. Nxe5 Ba6 15. Re1 Qc7 16. Ndf3 Rae8 17. Qd2 Bd6 18. Nd3 Re4 19. b4 Qe7 20. Nb2 Rf6 21. Ng5 Bf4 22. Nxe4 fxe4 23. Qd4 Bxh2+ 24. Kxh2 Rh6+ 25. Kg1 Qh4 26. f3 Qh2+ 27. Kf2 Rg6 28. Rg1 exf3 29. Kxf3 Qg3# 0-1